| 000 | 01704njm a2200289Ia 4500 | ||
|---|---|---|---|
| 001 | 35985 | ||
| 003 | IT-RoPAU | ||
| 005 | 20220918181115.0 | ||
| 008 | 131025s9999 xx 000 0 und d | ||
| 040 | _aIT-RoPAU | ||
| 040 | _cIT-RoPAU | ||
| 999 |
_c99285 _d99285 |
||
| 999 | _bn.d. | ||
| 100 |
_aAA.VV. _9794 |
||
| 100 |
_eAutore musica _919139 |
||
| 100 |
_gCodice autore musica SPICS: 12000 _9796 |
||
| 245 | _aOur Good Oldies Hits | ||
| 250 | _a1a ed. | ||
| 260 | _aJAPAN | ||
| 260 |
_bDENON - PCM _c1985 [1a Ed.:1985 - Ed. Lingua Orig.: 1985] |
||
| 300 | _aCOMPACT DISC | ||
| 300 | _c42 minuti (Testo: 8 pag.) | ||
| 500 | _aMusica pop. Piano bar. Musica strumentale. Brani di autori vari. | ||
| 505 | _aJailhouse Rock (3:00) - Hound Dog (3:00) - Return To Sender (2:00) - Don't Be Cruel (2:00) - Can't Help Falling In Love (2:00) - Lonesome Tonight? (2:00) - Heartbreak Hotel (2:00) - Kissin' On the Phone (4:00) - Little Darlin' (3:00) - Diana (3:00) - You Are My Destiny (3:00) - Louisiana Mama (3:00) - Be My Baby (3:00) - Who's Sorry Now (3:00) - Vacation (3:00) - Lipstick On Your Collar (3:00) - Calendar Girl (3:00) - Happy Birthday Sweet Sixteen (3:00) - Lonely Soldier Boy (3:00) - You Don't Know (2:00) - Rhythm of the Rain (2:00) - Don't Let Me Be (2:00) - Runaway (2:00) - Pretty Little Baby (4:00) - Sherry (4:00) - Itsy Bitsy Teenie Weenie Yellow Polkadot (4:00) - Bikini Love Potion n. 9 (4:00) - Love Letter In the Sand (3:00) - I'll Be Home (3:00) - Summer Holiday (3:00) - Lucky Lips (3:00) - Let's Make A Memory (3:00) | ||
| 650 |
_aPOP [COMPACT DISC] _eCodice MATERIA SPICS: 9949 _910570 |
||
| 700 |
_aCosmoalpha (The) _gCodice interprete SPICS: 17068 _eInterprete _919140 |
||
| 942 |
_cCD _2ddc |
||